[Event "RUS-ch Men Blitz 2019"]
[Site "Sochi"]
[Date "2019.10.17"]
[Round "1.23"]
[White "Iljin, Artem"]
[Black "Kulik, Artur"]
[Result "1-0"]
[WhiteElo "2509"]
[BlackElo "2014"]
[Annotator "ChessBase"]
[PlyCount "87"]
[EventDate "2019.10.17"]
[EventType "swiss"]
[EventCountry "RUS"]
[SourceTitle "playchess.com"]
[Source "ChessBase"]
[SourceQuality "1"]
[TimeControl "180+2"]

1. Nf3 {[%emt 0:00:00]} d5 {[%emt 0:00:00]} 2. c4 {[%emt 0:00:01]} d4 {[%emt 0:00:00]} 3. g3 {[%emt 0:00:04]} c5 {[%emt 0:00:02]} 4. Bg2 {[%emt 0:00:01]} Nc6 {[%emt 0:00:02]} 5. O-O {[%emt 0:00:04]} Nf6 {[%emt 0:00:02]} 6. d3 {[%emt 0:00:04]} g6 {[%emt 0:00:04]} 7. e3 {[%emt 0:00:11]} Bg7 {[%emt 0:00:09]} 8. exd4 {[%emt 0:00:03]} cxd4 {[%emt 0:00:02]} 9. Re1 {[%emt 0:00:03]} O-O {[%emt 0:00:08]} 10. Na3 {[%emt 0:00:13]} Nd7 {[%emt 0:00:18]} 11. Nc2 {[%emt 0:00:21]} a5 {[%emt 0:00:21]} 12. b3 {[%emt 0:00:09]} Nc5 {[%emt 0:00:17]} 13. Ba3 {[%emt 0:00:02]} Qb6 {[%emt 0:00:36]} 14. Bxc5 {[%emt 0:00:12]} Qxc5 {[%emt 0:00:02]} 15. a3 {[%emt 0:00:01]} Bf5 {[%emt 0:00:33]} 16. Qd2 {[%emt 0:00:14]} e5 {[%emt 0:00:15]} 17. b4 {[%emt 0:00:08]} axb4 {[%emt 0:00:07]} 18. axb4 {[%emt 0:00:01]} Qd6 {[%emt 0:00:05]} 19. c5 {[%emt 0:01:07]} Qc7 {[%emt 0:00:08]} 20. Na3 {[%emt 0:00:06]} Rfd8 {[%emt 0:00:18]} 21. Nb5 {[%emt 0:00:06]} Qe7 {[%emt 0:00:02]} 22. Nd6 {[%emt 0:00:04]} Rxa1 {[%emt 0:00:02]} 23. Rxa1 {[%emt 0:00:01]} Rxd6 {[%emt 0:00:02]} 24. cxd6 {[%emt 0:00:01]} Qxd6 {[%emt 0:00:01]} 25. b5 {[%emt 0:00:03]} Nd8 {[%emt 0:00:03]} 26. Ra8 {[%emt 0:00:06]} Bf6 {[%emt 0:00:02]} 27. Ng5 {[%emt 0:00:10]} b6 {[%emt 0:00:06]} 28. Ne4 {[%emt 0:00:02]} Bxe4 {[%emt 0:00:02]} 29. Bxe4 {[%emt 0:00:01]} Kg7 {[%emt 0:00:01]} 30. h4 {[%emt 0:00:07]} Ne6 {[%emt 0:00:00]} 31. Qc2 {[%emt 0:00:08]} Nc5 {[%emt 0:00:01]} 32. Bg2 {[%emt 0:00:02]} Be7 {[%emt 0:00:02]} 33. Qc4 {[%emt 0:00:01]} Qe6 {[%emt 0:00:06]} 34. Qxe6 {[%emt 0:00:07]} Nxe6 {[%emt 0:00:04]} 35. Rb8 {[%emt 0:00:01]} Bc5 {[%emt 0:00:03]} 36. Bd5 {[%emt 0:00:01]} Nc7 {[%emt 0:00:01]} 37. Bc4 {[%emt 0:00:01]} f5 {[%emt 0:00:02]} 38. Rb7 {[%emt 0:00:01]} Bd6 {[%emt 0:00:00]} 39. Rxb6 {[%emt 0:00:01]} Ne8 {[%emt 0:00:04]} 40. Rc6 {[%emt 0:00:01]} Kf8 {[%emt 0:00:02]} 41. b6 {[%emt 0:00:01]} Ke7 {[%emt 0:00:01]} 42. b7 {[%emt 0:00:01]} Bb8 {[%emt 0:00:01]} 43. Rc8 {[%emt 0:00:02]} Ba7 {[%emt 0:00:04]} 44. Ra8 {[%emt 0:00:01]} 1-0

[Event "RUS-ch Men Blitz 2019"]
[Site "Sochi"]
[Date "2019.10.17"]
[Round "1.24"]
[White "Zverev, Lev"]
[Black "Khegay, Dmitriy"]
[Result "0-1"]
[WhiteElo "1914"]
[BlackElo "2509"]
[Annotator "TA"]
[PlyCount "158"]
[EventDate "2019.10.17"]
[EventType "swiss"]
[EventCountry "RUS"]
[SourceTitle "playchess.com"]
[Source "ChessBase"]
[SourceQuality "1"]

{[%evp 12,158,59,33,33,-15,2,11,11,-25,-1,6,53,51,53,32,63,56,94,106,79,41,39,0,27,-4,0,0,0,-41,0,0,0,-80,-21,-54,16,0,4,4,10,0,0,-92,0,0,18,-13,0,0,0,0,6,6,6,0,0,0,0,0,0,0,24,12,15,0,0,-8,-7,-51,0,0,0,-200,-52,-381,-85,-396,-341,-388,-123,-110,0,-381,-341,-352,-360,-509,-333,-322,-300,-219,-60,-60,-60,-60,-60,-60,-60,-60,-60,-60,-60,-60,-60,-60,-60,-60,-60,-60,-60,-60,-60,-60,-60,-60,-60,-60,-60,-29970,0,-60,0,-60,0,0,0,-60,0,0,0,-60,-60,-29971,-29972,-29970,-1577,-29973,-29974,-29973,-29968,-29968,-29969,-29978,-29980,-29981,-29980,-29986,-29987]} 1. e4 d6 2. d4 Nf6 3. Nc3 c6 4. Be3 g6 5. f3 Nbd7 6. Qd2 b5 7. O-O-O Nb6 {B07: Pirc Defence: Miscellaneous Systems} (7... b4 8. Nce2 a5 9. Kb1 Ba6 10. g4 Nb6 11. b3 h5 12. g5 Nfd7 13. f4 Bg7 14. f5 gxf5 15. exf5 {1-0 (32) Moradiabadi,E (2546)-Mamedyarov,S (2817) chess.com INT 2019}) 8. e5 dxe5 9. dxe5 {[%csl Gd1][%cal Rd2d8]} Qxd2+ {The position is equal.} 10. Rxd2 (10. Bxd2 $5 {[%cal Re5f6]} Nfd5 11. f4 $11) 10... Nfd7 $146 (10... b4 $5 {[%cal Rb4c3]} 11. Nb5 Nfd5 $15) ({Predecessor:} 10... Nfd5 11. Bxb6 Nxb6 12. g3 Be6 13. b3 f6 14. Nh3 Bh6 15. Nf4 Bxf4 16. gxf4 {0-1 (38) Prats Alonso,O (2157)-Martinez Gutierrez,B (2220) Sant Boi 2015}) 11. f4 Bh6 12. Nf3 b4 13. Nd1 $1 Nd5 14. g3 O-O 15. Bg2 N7b6 16. Nd4 Bb7 17. b3 e6 18. Re1 Rfd8 19. Nf3 Bf8 20. Bg1 a5 21. Bxb6 Nxb6 22. Nf2 (22. Rxd8 $11 Rxd8 23. Ne3) 22... c5 (22... Nd5 $1 $17) 23. Nh4 Bxg2 (23... Nd5 $15) 24. Nxg2 Rxd2 25. Kxd2 c4 26. Ne4 a4 27. Rb1 (27. Ne3 $11 {keeps the balance.}) 27... axb3 (27... cxb3 $1 $17 28. axb3 a3) 28. axb3 $11 Kg7 29. bxc4 Rd8+ 30. Ke2 Nxc4 31. Ne3 Nxe3 32. Kxe3 {[%mdl 4096] Endgame KRB-KRN} h6 33. Nd6 Bxd6 34. exd6 Rxd6 35. Rxb4 {KR-KR} Rd1 36. c4 Rc1 37. Kd2 Rh1 38. c5 {And now c6 would win.} Rxh2+ 39. Ke3 {Strongly threatening Rc4.} Rc2 40. Rb5 g5 (40... Kf6 $15) 41. fxg5 hxg5 42. Kf3 $2 (42. Kd3 $11 {and White is okay.} Rc1 43. Kd2) 42... Kg6 (42... f5 $1 $19 43. Ke3 Kf6) 43. g4 $2 {[%mdl 8192]} ({White should try} 43. Ke3 $15) 43... Rc3+ $2 (43... Rc4 $19 44. Ke3 Rxg4) 44. Kf2 $2 {[%mdl 8192]} (44. Ke2 $17 {is tougher.}) 44... Kf6 45. Ra5 Ke7 $2 (45... Rc4 $19 {is more deadly.} 46. Kf3 Rf4+ 47. Kg3 Rf1) 46. Ra7+ {[#]} Kf6 $2 {[%mdl 8192]} (46... Kf8 $1 $17 47. Rc7 Rc4) 47. Ra5 $19 Rc4 48. Kf3 {[#]} Kg6 $1 49. Kg3 (49. Rb5 $142) 49... Rc3+ 50. Kf2 {White hopes to continue with Ke2.} f5 51. Ra6 Rxc5 $2 ({Weaker is} 51... fxg4 52. Rxe6+ Kf5 53. Re3 $11) ({Black should play} 51... Kf7 $19 52. Rc6 f4 53. Rc7+ Kf6) 52. Rxe6+ $15 {[#]} Kf7 $1 53. Ra6 f4 54. Kf3 Re5 {...Re3+ is the strong threat.} 55. Ra3 Kf6 56. Ra6+ Re6 57. Ra3 Rd6 58. Rb3 Ke5 59. Rb5+ Rd5 60. Rb3 Kd4 61. Ra3 Rc5 62. Ra4+ $1 Rc4 63. Ra5 Rc3+ 64. Kf2 Rc5 65. Ra3 $2 {[%mdl 8192]} (65. Ra4+ $15 Ke5 66. Ra2) 65... Rd5 $2 (65... Rc2+ {mates} 66. Ke1 Ke4 67. Ra5 f3 68. Rxg5 Re2+ 69. Kd1 Ra2 70. Ke1 Kf4 71. Rf5+ Kg3 72. g5 f2+ 73. Kf1 Ra1+ 74. Ke2 Re1+ 75. Kd3 f1=Q+ 76. Rxf1 Rxf1 77. Ke4 Kg4 78. g6 Rf5 79. g7 Rg5 80. Kd4 Kf3 81. g8=B Rxg8 82. Kd5 Rd8+ 83. Kc4 Ke4 84. Kc5 Kd3 85. Kb5 Rd5+ 86. Kb6 Kd4 87. Kc6 Kc4 88. Kb6 Rd6+ 89. Kc7 Kc5 90. Kb7 Rd7+ 91. Kc8 Kc6 92. Kb8 Rd8+ 93. Ka7 Rg8 94. Ka6 Ra8#) 66. Kf3 Rc5 {( -> ...Rc3+)} 67. Ra4+ Rc4 (67... Ke5 $15 68. Ra3 Rd5) 68. Ra5 $11 Rc3+ (68... Rc1 $11) 69. Kf2 $15 Rc2+ (69... Ke4 $1 $15 70. Ra4+ Kd5) 70. Kf3 $11 Rc3+ (70... Rc1 $11) 71. Kf2 $15 Ke4 $1 {Hoping for ...Rc2+.} 72. Rxg5 $2 {[%mdl 8192]} (72. Ra4+ $15 Kd5 73. Ra8) 72... Rc2+ 73. Ke1 Kf3 (73... f3 $142 74. Ra5 Kf4 75. g5 Kg3 76. Kd1 Rc6 77. Ra1 Re6 78. Kd2 f2 79. Rc1 Kf3 80. Rf1 Kg2 81. Rb1 f1=Q 82. Rxf1 Kxf1 83. Kd3 Rg6 84. Ke4 Rxg5 85. Kf3 Ra5 86. Ke4 Ke2 87. Kd4 Kf3 88. Kc4 Ke3 89. Kb4 Rg5 90. Kc4 Rh5 91. Kb3 Rh4 92. Kc2 Rc4+ 93. Kb1 Kd3 94. Kb2 Rc3 95. Kb1 Rb3+ 96. Ka1 Kd2 97. Ka2 Kc2 98. Ka1 Ra3#) 74. Ra5 Kg2 {Black mates.} 75. Kd1 Rb2 76. g5 f3 77. Kc1 Rb4 78. g6 Rg4 79. Ra2+ f2 {Accuracy: White = 33%, Black = 46%.} 0-1

[Event "RUS-ch Men Blitz 2019"]
[Site "Sochi"]
[Date "2019.10.17"]
[Round "1.25"]
[White "Zakhartsov, Vladimir"]
[Black "Mikhnenko, Alexander"]
[Result "1/2-1/2"]
[WhiteElo "2514"]
[BlackElo "2094"]
[Annotator "TA"]
[PlyCount "133"]
[EventDate "2019.10.17"]
[EventType "swiss"]
[EventCountry "RUS"]
[SourceTitle "playchess.com"]
[Source "ChessBase"]
[SourceQuality "1"]

{[%evp 18,133,6,7,16,1,-1,-30,-25,-39,-13,-15,-18,-17,-13,-8,-8,-8,-4,-12,0,-9,0,0,5,8,14,0,0,0,10,2,17,8,10,10,10,9,15,0,6,3,3,0,0,0,13,9,52,9,14,9,20,19,19,14,25,15,44,7,9,0,0,0,0,0,0,0,0,0,0,0,0,0,0,0,0,0,0,0,0,0,0,0,0,0,0,0,0,0,0,0,0,0,0,0,0,0,0,0,0,0,0,0,0,0,0,0,0,0,0,0,0,0,0,0,0,0]} 1. d4 d5 2. c4 c6 3. Nf3 Nf6 4. Nc3 e6 5. e3 Nbd7 6. Qc2 Bd6 7. Be2 dxc4 8. a4 e5 9. Bxc4 O-O 10. O-O exd4 {D46: Semi-Slav: 5 e3 Nbd7 6 Bd3, Black avoids the Meran} 11. exd4 Nb6 12. Bd3 (12. Bb3 Nbd5 13. Bg5 Be6 14. Nxd5 cxd5 15. Qd3 Be7 16. Ne5 Ne4 17. Bxe7 Qxe7 18. f3 Nd6 19. Rfe1 Rac8 20. a5 Qg5 21. Rad1 Rfd8 22. g3 Nc4 23. Bc2 g6 24. Nxc4 Rxc4 25. Bb3 {½-½ (25) Mamedyarov,S (2804)-Matlakov,M (2718) Wijk aan Zee 2018}) 12... h6 {Black has an edge.} 13. Re1 $146 ({Predecessor:} 13. a5 Nbd5 14. Nxd5 Nxd5 15. Bd2 a6 16. Rfe1 Be6 17. Be4 Re8 18. Ne5 {½-½ (28) Bergner,M (2188)-Gierden,H (2235) ICCF email 2016}) 13... Nbd5 14. Nxd5 Nxd5 15. Bd2 Nb4 16. Bxb4 Bxb4 17. Re3 Be6 18. Bc4 Bd5 19. Ne5 Ba5 20. Rd1 Bxc4 21. Qxc4 Bc7 22. Rc1 (22. Rde1 {keeps more tension.} Qd6 23. g3 Bb6 24. Nf3 Rad8 25. Re7) 22... Bxe5 23. dxe5 Re8 24. h3 Re7 25. e6 Rxe6 26. Rxe6 fxe6 27. Qxe6+ $11 {[%mdl 4096] Endgame KQR-KQR} Kh8 28. Re1 Qd4 29. b3 Rf8 30. Re2 Qd1+ 31. Kh2 Qc1 32. g3 Qg5 33. h4 Qc5 34. Kg2 Qh5 35. Re3 Qf7 36. Qxf7 Rxf7 {KR-KR} 37. f4 Kg8 38. h5 Rd7 {The position is equal.} 39. Kf3 Kf7 40. g4 Kf6 41. Rc3 Rd4 42. Ke3 Rb4 43. Rd3 Ke6 44. Kf3 b5 45. axb5 cxb5 46. Re3+ Kf6 47. Rc3 a5 48. Rc6+ Kf7 49. Rc7+ Kf6 50. Rc6+ Kf7 51. Rc3 a4 52. bxa4 bxa4 {[#] Threatens to win with ...Rb3.} 53. Rc7+ Kf6 54. Rc6+ Kf7 55. Ra6 Rb3+ 56. Ke4 Rb4+ 57. Ke5 Rb5+ 58. Ke4 Rb4+ 59. Kf3 Rb3+ 60. Ke4 Rb4+ 61. Ke3 Rb3+ 62. Ke4 Rb4+ 63. Ke5 Rb5+ 64. Kd6 Rb4 65. Ke5 Rb5+ 66. Ke4 Rb4+ 67. Kf3 {Accuracy: White = 69%, Black = 57%.} 1/2-1/2

[Event "RUS-ch Men Blitz 2019"]
[Site "Sochi"]
[Date "2019.10.17"]
[Round "1.26"]
[White "Ivanov, Dmitry S."]
[Black "Drygalov, Andrey"]
[Result "0-1"]
[WhiteElo "2172"]
[BlackElo "2484"]
[Annotator "RC"]
[PlyCount "64"]
[EventDate "2019.10.17"]
[EventType "swiss"]
[EventCountry "RUS"]
[SourceTitle "playchess.com"]
[Source "ChessBase"]
[SourceQuality "1"]
[TimeControl "180+2"]

1. d4 {[%emt 0:00:00]} Nf6 {[%emt 0:00:00]} 2. Bg5 {[%emt 0:00:00]} d5 {[%emt 0:00:00]} 3. e3 {[%emt 0:00:01]} c5 {[%emt 0:00:00]} 4. Nd2 {[%emt 0:00:02]} Nc6 {[%emt 0:00:03]} 5. c3 {[%emt 0:00:02]} e6 {[%emt 0:00:08]} 6. f4 {[%emt 0:00:01]} Qb6 {[%emt 0:00:08]} 7. Rb1 {[%emt 0:00:04]} cxd4 {[%emt 0:00:14]} 8. exd4 {[%emt 0:00:03]} Bd6 {[%emt 0:00:03]} 9. Ngf3 {[%emt 0:00:04]} h6 {[%emt 0:00:01]} 10. Bxf6 {[%emt 0:00:01]} gxf6 {[%emt 0:00:01]} 11. g3 {[%emt 0:00:12]} Bd7 {[%emt 0:00:29]} 12. Bg2 {[%emt 0:00:05]} O-O-O {[%emt 0:00:16]} 13. O-O {[%emt 0:00:01]} e5 {[%emt 0:00:00]} 14. fxe5 {[%emt 0:00:15]} fxe5 {[%emt 0:00:01]} 15. Kh1 {[%emt 0:00:02]} e4 {[%emt 0:00:06]} 16. Nh4 {[%emt 0:00:06]} Be6 {[%emt 0:00:01]} 17. b4 {[%emt 0:00:06]} Qb5 {[%emt 0:00:31]} 18. Re1 {[%emt 0:00:13]} f5 {[%emt 0:00:03]} 19. Bf1 {[%emt 0:00:03]} Qb6 {[%emt 0:00:01]} 20. Bh3 {[%emt 0:00:09]} Ne7 {[%emt 0:00:02]} 21. a4 {[%emt 0:00:11]} Kb8 {[%emt 0:00:05]} 22. Nb3 {[%emt 0:00:03]} Qc7 {[%emt 0:00:21]} 23. Nc5 {[%emt 0:00:04]} Bc8 {[%emt 0:00:00]} 24. a5 {[%emt 0:00:10]} Bxg3 {[%emt 0:00:02]} 25. hxg3 {[%emt 0:00:20]} Qxg3 {[%emt 0:00:00]} 26. Rb2 {[%emt 0:00:29]} Qxh3+ {[%emt 0:00:12]} 27. Rh2 {[%emt 0:00:01]} Qxc3 {[%emt 0:00:03]} 28. Ng2 {[%emt 0:00:08]} Nc6 {[%emt 0:00:05]} 29. Nf4 {[%emt 0:00:09]} Qxd4 {[%emt 0:00:04]} 30. Qe2 {[%emt 0:00:11]} Qc4 {[%emt 0:00:13]} 31. Qb2 {[%emt 0:00:11]} Qxb4 {[%emt 0:00:03]} 32. Qc2 {[%emt 0:00:07]} Qxe1+ {[%emt 0:00:01]} 0-1

[Event "RUS-ch Men Blitz 2019"]
[Site "Sochi"]
[Date "2019.10.17"]
[Round "1.27"]
[White "Belozerov, Andrei"]
[Black "Semukhin, Mihail"]
[Result "0-1"]
[WhiteElo "2515"]
[BlackElo "2036"]
[Annotator "TA"]
[PlyCount "108"]
[EventDate "2019.10.17"]
[EventType "swiss"]
[EventCountry "RUS"]
[SourceTitle "playchess.com"]
[Source "ChessBase"]
[SourceQuality "1"]

{[%evp 17,108,46,43,0,19,14,24,0,0,0,0,-17,0,-2,72,62,81,76,75,78,89,81,204,127,129,122,152,167,152,0,118,145,120,-14,0,-9,-17,-75,0,0,0,-105,67,83,105,0,106,-191,-166,-184,0,-598,-518,-502,-513,-737,-737,-729,-711,-997,-979,-966,-947,-1057,-906,-1912,-1623,-2143,-2153,-2213,-2010,-1814,-1537,-1258,-910,-909,-898,-921,-858,-902,-817,-6040,-5974,-5037,-2311,-6126,-5735,-5160,-1818,-6016,-5650,-3625,-2629]} 1. e4 Nf6 2. e5 Nd5 3. d4 d6 4. Nf3 Bg4 5. Be2 e6 6. O-O Be7 7. h3 Bh5 8. c4 Nb6 9. exd6 cxd6 10. d5 {B05: Alekhine's Defence: 4 Nf3 Bg4} e5 11. Be3 $146 ({Predecessor:} 11. Nc3 O-O 12. b3 N8d7 13. Bb2 Re8 14. Ne1 Bg6 15. Bd3 Nf8 16. g3 Qc8 17. Kh2 Nbd7 {0-1 (40) Kalinin,N (2167)-Kovalenko,I (2644) St Petersburg 2013}) 11... N8d7 12. Nc3 {White has an edge.} Bxf3 13. gxf3 O-O 14. b3 f5 15. f4 $36 {[%mdl 2048] White is more active.} e4 (15... Bf6 $11 {keeps the balance.}) 16. Kh2 Bf6 17. Rc1 Rf7 18. Rg1 Nf8 19. Nb5 Qd7 (19... a6 $16 20. Nd4 Bxd4 21. Bxd4 (21. Qxd4 Nbd7 $16) 21... Nbd7) 20. a4 Nc8 21. a5 Ng6 22. Bh5 Nce7 23. Bxa7 $2 ({Don't do} 23. Nxa7 Rff8 $14) ({Better is} 23. Qd2 $16) 23... Nxf4 (23... Rxa7 $11 24. Nxa7 Rf8) 24. Bxf7+ $16 Kxf7 25. Be3 (25. Bd4 $1 $16) 25... Nd3 26. Qh5+ Kg8 27. Rcd1 (27. Rcf1 $11 {remains equal.}) 27... Be5+ (27... Ng6 $17 28. Rxd3 exd3) 28. Kh1 $11 f4 29. Bb6 (29. Rxd3 $11 exd3 30. Bd4) 29... Rf8 $2 ({Black should try} 29... Nxd5 $1 $17 30. cxd5 Qxb5 {[%mdl 64] Double Attack}) 30. Rxd3 $1 $14 exd3 {[#]} 31. Qf3 (31. Nc7 $1 $16) 31... Rf5 {[#]} (31... Qf5 $11) 32. Qxd3 $2 {[%mdl 8192]} (32. Nd4 $1 $16 {is forced if you want to stay better.}) 32... Rh5 $19 33. Kg2 Nf5 $2 (33... Ng6 $19 {Strongly threatening ...Rxh3!} 34. Kf1 Rxh3) 34. Nd4 $2 {[%mdl 8192]} (34. Rh1 $1 $11 {and White has nothing to worry.}) 34... Nxd4 {Black is clearly winning.} 35. Bxd4 Bxd4 36. Kf1 Qxh3+ 37. Qxh3 Rxh3 {[%mdl 4096] Endgame KRB-KR} 38. Rg4 Be5 39. b4 Rb3 40. c5 Rxb4 41. c6 bxc6 42. dxc6 Rc4 43. Ke2 Rxc6 44. Rg1 Ra6 45. Kf3 Bc3 46. Rc1 Bxa5 47. Ra1 Ra7 48. Ke4 Kf7 49. Kd5 {[#]} Bb6 $1 50. Rb1 Bc5 51. Rc1 Ra4 52. Rb1 Rd4+ 53. Kc6 Rd2 54. f3 Rd3 {Accuracy: White = 30%, Black = 29%.} 0-1

[Event "RUS-ch Men Blitz 2019"]
[Site "Sochi"]
[Date "2019.10.17"]
[Round "1.28"]
[White "Kryzhanovskiy, Mikhail"]
[Black "Lugovskoy, Maxim"]
[Result "0-1"]
[WhiteElo "2064"]
[BlackElo "2436"]
[Annotator "NA"]
[PlyCount "80"]
[EventDate "2019.10.17"]
[EventType "swiss"]
[EventCountry "RUS"]
[SourceTitle "playchess.com"]
[Source "ChessBase"]
[SourceQuality "1"]
[TimeControl "180+2"]

1. Nf3 {[%emt 0:00:00]} d5 {[%emt 0:00:00]} 2. c4 {[%emt 0:00:00]} e6 {[%emt 0:00:00]} 3. d4 {[%emt 0:00:01]} Nf6 {[%emt 0:00:00]} 4. Nc3 {[%emt 0:00:01]} a6 {[%emt 0:00:03]} 5. a4 {[%emt 0:00:04]} c6 {[%emt 0:00:08]} 6. e3 {[%emt 0:00:07]} Ne4 {[%emt 0:00:03]} 7. Qc2 {[%emt 0:00:13]} f5 {[%emt 0:00:01]} 8. g3 {[%emt 0:00:12]} Bd6 {[%emt 0:00:01]} 9. Bg2 {[%emt 0:00:01]} O-O {[%emt 0:00:01]} 10. O-O {[%emt 0:00:03]} Nd7 {[%emt 0:00:01]} 11. a5 {[%emt 0:00:10]} Ndf6 {[%emt 0:00:01]} 12. b3 {[%emt 0:00:11]} Nxc3 {[%emt 0:00:02]} 13. Qxc3 {[%emt 0:00:02]} Ne4 {[%emt 0:00:00]} 14. Qc2 {[%emt 0:00:03]} Qe7 {[%emt 0:00:01]} 15. Ne5 {[%emt 0:00:18]} Bd7 {[%emt 0:00:01]} 16. Bb2 {[%emt 0:00:10]} Be8 {[%emt 0:00:01]} 17. Qc1 {[%emt 0:00:21]} Rc8 {[%emt 0:00:29]} 18. Ba3 {[%emt 0:00:14]} c5 {[%emt 0:00:01]} 19. Qb2 {[%emt 0:00:23]} Bh5 {[%emt 0:00:17]} 20. cxd5 {[%emt 0:00:07]} exd5 {[%emt 0:00:01]} 21. Nd3 {[%emt 0:00:12]} c4 {[%emt 0:00:02]} 22. Bxd6 {[%emt 0:00:03]} Qxd6 {[%emt 0:00:26]} 23. bxc4 {[%emt 0:00:01]} dxc4 {[%emt 0:00:01]} 24. Nf4 {[%emt 0:00:02]} Bf7 {[%emt 0:00:04]} 25. Qxb7 {[%emt 0:00:02]} c3 {[%emt 0:00:04]} 26. Rfc1 {[%emt 0:00:08]} Rb8 {[%emt 0:00:07]} 27. Qa7 {[%emt 0:00:02]} Rfc8 {[%emt 0:00:02]} 28. Nd3 {[%emt 0:00:11]} Bd5 {[%emt 0:00:01]} 29. Nc5 {[%emt 0:00:05]} Nxc5 {[%emt 0:00:48]} 30. Bxd5+ {[%emt 0:00:02]} Qxd5 {[%emt 0:00:04]} 31. dxc5 {[%emt 0:00:02]} Qc6 {[%emt 0:00:07]} 32. Rab1 {[%emt 0:00:14]} Rxb1 {[%emt 0:00:15]} 33. Rxb1 {[%emt 0:00:01]} c2 {[%emt 0:00:01]} 34. Rc1 {[%emt 0:00:01]} Qxc5 {[%emt 0:00:01]} 35. Qxa6 {[%emt 0:00:09]} h6 {[%emt 0:00:13]} 36. Qe6+ {[%emt 0:00:01]} Kh8 {[%emt 0:00:03]} 37. a6 {[%emt 0:00:01]} Rd8 {[%emt 0:00:07]} 38. Kg2 {[%emt 0:00:10]} Rd2 {[%emt 0:00:12]} 39. Qe8+ Kh7 40. Qa4 {[%emt 0:00:09]} Qxe3 {[%emt 0:00:06]} 0-1

[Event "RUS-ch Men Blitz 2019"]
[Site "Sochi"]
[Date "2019.10.17"]
[Round "1.29"]
[White "Papin, Vasily"]
[Black "Svinarev, Stanislav"]
[Result "1-0"]
[WhiteElo "2481"]
[BlackElo "2008"]
[Annotator "TA"]
[PlyCount "87"]
[EventDate "2019.10.17"]
[EventType "swiss"]
[EventCountry "RUS"]
[SourceTitle "playchess.com"]
[Source "ChessBase"]
[SourceQuality "1"]

{[%evp 12,87,39,20,21,20,12,11,23,23,14,0,20,-10,6,11,20,11,14,-47,-41,-82,-75,-283,-126,-108,-51,-51,-52,-47,-7,-11,89,0,0,-22,0,0,0,0,258,294,303,305,301,0,0,0,1048,387,391,379,530,535,1100,518,506,518,476,451,475,449,580,390,628,615,819,809,976,977,1091,1072,1055,1029,955,723,2062,1933]} 1. c4 c6 2. Nf3 d5 3. e3 Nf6 4. Nc3 a6 5. Qc2 b5 6. b3 g6 7. d4 Bf5 {D15: Slav Defence: 4 Nc3 a6 and gambit lines after 4 Nc3 dxc4} 8. Bd3 Bxd3 9. Qxd3 Nbd7 {The position is equal.} 10. Bd2 Bg7 11. O-O O-O 12. Rfc1 $146 ({Predecessor:} 12. cxd5 cxd5 13. Ne2 Ne4 14. Rfc1 e5 15. Nc3 exd4 16. Nxd4 {½-½ (36) Sargissian,G (2572)-Motylev,A (2634) Istanbul 2003}) 12... Re8 13. cxd5 cxd5 14. a4 b4 15. Na2 (15. Ne2 $11) 15... a5 $15 16. Rc6 e5 {...e4 is the strong threat.} 17. Nxe5 $2 (17. Qb5 $17) 17... Nxe5 (17... Rxe5 $19 {is more deadly.} 18. dxe5 Nxe5 {[%mdl 64] Double Attack}) 18. dxe5 $17 Rxe5 (18... Ng4 $1 $17 19. f4 Bxe5 $1 {[%mdl 512]}) 19. Rac1 $15 Ne4 20. Be1 $1 Rh5 21. f3 Qb8 (21... Ng5 $11 {remains equal.}) 22. h3 (22. h4 $16 Nc3 23. Nxc3 bxc3 24. g4 (24. Bxc3 Qxb3 25. Qd1 Qxd1+ 26. Rxd1 Rxh4 $14)) 22... Ng5 $1 $11 23. Qb5 {Black must now prevent Qxb8+.} Qe5 24. Bf2 Nxf3+ 25. gxf3 {And now Rc8+ would win.} Rxh3 $4 {[%mdl 8192]} (25... Qg5+ $11 {and Black has nothing to worry.} 26. Kf1 Qf5) 26. Rc8+ $18 Rxc8 27. Rxc8+ Bf8 28. Qe8 $2 (28. Qb8 $18 Qxb8 29. Rxb8) 28... Qh2+ $1 $11 29. Kf1 {[%csl Gc8][%cal Re8f8]} Qd6 $2 {[%mdl 8192]} (29... Qh1+ $11 30. Bg1 Qxf3+ 31. Ke1 Qg3+ {[%mdl 64] Double Attack} 32. Ke2 Qg2+ 33. Kd3 Qf1+ 34. Kd2 Qg2+ 35. Kd3 Qf1+ 36. Kd2 Qg2+ 37. Kd3) 30. Ke2 $2 (30. Rd8 Rh1+ 31. Ke2 Qa6+ 32. Kd2 $1 {[%mdl 512]} Rd1+ {[%mdl 64] Decoy} 33. Kxd1 Qd3+ 34. Ke1 Qb1+ 35. Ke2 Qxa2+ 36. Kf1 $1 {[%mdl 512]} Qa1+ 37. Kg2 $1 {[%mdl 512]}) 30... Kg7 $18 {intending ...Qa6+.} 31. Nc1 {[%cal Ba2c1,Bc1d3,Bd3f4][%mdl 32]} Be7 32. Nd3 Qf6 {[#]} 33. Qh8+ (33. Ne5 $142 $1 {[%mdl 512] White wants to mate with Qg8+.} Qa6+ {[#]} (33... Qxe5 34. Qh8+) 34. Ke1 $1 {[%mdl 512]}) 33... Kh6 34. Qxf6 Bxf6 35. Nf4 Rh2 36. Kf1 d4 37. exd4 Bg5 $2 (37... Rh1+ 38. Kg2 Rd1) 38. Ne2 {White is clearly winning.} Rh1+ 39. Bg1 Rh3 40. Kg2 Rh4 41. Bf2 Rh5 42. Ng3 Rh4 43. Ne4 Rf4 44. Nxg5 {Accuracy: White = 40%, Black = 32%.} 1-0